The history of Phoenicia / (Registro nro. 30625)

Detalles MARC
000 -LEADER
campo de control de longitud fija 02733cam a22005054i 4500
003 - IDENTIFICADOR DE NÚMERO DE CONTROL
campo de control PE-LiUPU
005 - FECHA Y HORA DE LA ÚLTIMA TRANSACCIÓN
campo de control 20250731184539.0
008 - DATOS DE LONGITUD FIJA--INFORMACIÓN GENERAL
campo de control de longitud fija 181226s2018 gs a r 001 0 eng
020 ## - NÚMERO INTERNACIONAL ESTÁNDAR DEL LIBRO
Número Internacional Estándar del Libro 193704081X
020 ## - NÚMERO INTERNACIONAL ESTÁNDAR DEL LIBRO
Número Internacional Estándar del Libro 9781937040819
035 ## - NÚMERO DE CONTROL DEL SISTEMA
Número de control de sistema (Sirsi) a251197
049 ## - FONDOS LOCALES (OCLC)
Biblioteca depositaria PRUA
082 04 - NÚMERO DE LA CLASIFICACIÓN DECIMAL DEWEY
Número de clasificación 930
Cutter E36
Número de edición 23
100 1# - ENTRADA PRINCIPAL--NOMBRE DE PERSONA
Nombre de persona Elayi, Josette,
Término indicativo de función/relación autor.
245 14 - MENCIÓN DEL TÍTULO
Título The history of Phoenicia /
Mención de responsabilidad, etc. Josette Elayi ; translated from the French by Andrew Plummer.
264 #1 - PRODUCCIÓN, PUBLICACIÓN, DISTRIBUCIÓN, FABRICACIÓN Y COPYRIGHT
Producción, publicación, distribución, fabricación y copyright Batlanta, GA :
Nombre del de productor, editor, distribuidor, fabricante Lockwood Press,
Fecha de producción, publicación, distribución, fabricación o copyright 2018.
300 ## - DESCRIPCIÓN FÍSICA
Extensión x, 314 páginas :
Otras características físicas ilustraciones ;
Dimensiones 23 centímetros.
336 ## - TIPO DE CONTENIDO
Término de tipo de contenido text
Fuente rdacontent
337 ## - TIPO DE MEDIO
Nombre/término del tipo de medio unmediated
Fuente rdamedia
338 ## - TIPO DE SOPORTE
Nombre/término del tipo de soporte volume
Fuente rdacarrier
504 ## - NOTA DE BIBLIOGRAFÍA, ETC.
Nota de bibliografía, etc. Bibliografía: páginas 299-304.
504 ## - NOTA DE BIBLIOGRAFÍA, ETC.
Nota de bibliografía, etc. Índice: páginas 305-314.
505 0# - NOTA DE CONTENIDO CON FORMATO
Nota de contenido con formato Phoenicia before 1200 -- The prehistory of phoenicia (ca. 70,000-3200) -- Byblos and Egypt (3200-1500 BCE) -- The other Proto-Phoenician cities (3200-1500) -- The small vassal states of the near east (1500-1200) -- The period of phoenicia's independence (1200-883) -- The emergence of phoenicia (ca. 1200) -- Egypt's Loss of influence in phoenicia (1200-1000) -- Early assyrian exploration towards the west (1100-1000) -- Dynastic crises in byblos (1000-900) -- The development and expansion of the phoenician cities (1000-883) -- Phoenicia under assyrian domination (883-610) -- The beginnings of assyrian expansion (883-745) -- The conquest of the west by the assyrians (745-721) -- Domination of phoenicia by the sargonids (721-610) -- Phoenicia under Babylonian Domination (610-539) -- Phoenicia between Egypt and Babylonia (610-605) -- The peak of the Babylonian empire (605-562) -- The decline of the Babylonian empire (562-539) -- Phoenicia under Person (539-332) -- The establishment of the Persian empire (539-479) -- The development of the Persian empire (479-404) -- The Persian empire in turmoil (404-333) -- The fall of the Persian empire (333-330).
526 ## - NOTA DE INFORMACIÓN SOBRE EL PROGRAMA DE ESTUDIO
Nombre del programa Doctorado En Educación Con Mención En Currículo Y Docencia (A Distancia)
526 ## - NOTA DE INFORMACIÓN SOBRE EL PROGRAMA DE ESTUDIO
Nombre del programa Doctorado En Educación Con Mención En Currículo Y Docencia (Semipresencial)
526 ## - NOTA DE INFORMACIÓN SOBRE EL PROGRAMA DE ESTUDIO
Nombre del programa Doctorado En Educación Con Mención En Gestión Educativa (A Distancia)
526 ## - NOTA DE INFORMACIÓN SOBRE EL PROGRAMA DE ESTUDIO
Nombre del programa Doctorado En Educación Con Mención En Gestión Educativa (Semipresencial)
526 ## - NOTA DE INFORMACIÓN SOBRE EL PROGRAMA DE ESTUDIO
Nombre del programa Derecho semipresencial
526 ## - NOTA DE INFORMACIÓN SOBRE EL PROGRAMA DE ESTUDIO
Nombre del programa Derecho presencial
526 ## - NOTA DE INFORMACIÓN SOBRE EL PROGRAMA DE ESTUDIO
Nombre del programa Maestría en teología histórica
526 ## - NOTA DE INFORMACIÓN SOBRE EL PROGRAMA DE ESTUDIO
Nombre del programa Teología
526 ## - NOTA DE INFORMACIÓN SOBRE EL PROGRAMA DE ESTUDIO
Nombre del programa Educación primaria
526 ## - NOTA DE INFORMACIÓN SOBRE EL PROGRAMA DE ESTUDIO
Nombre del programa Educación secundaria, especialidad lingüística e inglés
526 ## - NOTA DE INFORMACIÓN SOBRE EL PROGRAMA DE ESTUDIO
Nombre del programa Educación secundaria, especialidad ambiental, biología y química
526 ## - NOTA DE INFORMACIÓN SOBRE EL PROGRAMA DE ESTUDIO
Nombre del programa Arquitectura
596 ## -
-- 1
650 14 - PUNTO DE ACCESO ADICIONAL DE MATERIA--TÉRMINO DE MATERIA
Término de materia o nombre geográfico como elemento de entrada Fenicios
Subdivisión general Historia.
650 24 - PUNTO DE ACCESO ADICIONAL DE MATERIA--TÉRMINO DE MATERIA
Término de materia o nombre geográfico como elemento de entrada Historia
Subdivisión general Antiüedad
-- Generalidades.
Fuente del encabezamiento o término bisacsh
700 1# - ENTRADA AGREGADA--NOMBRE PERSONAL
Nombre de persona Plummer, Andrew,
Término indicativo de función/relación traductor.
910 ## - DATOS DE OPCIÓN DEL USUARIO (OCLC)
Datos de opción del usuario dbm
-- sag
-- sag
-- 20181227
942 ## - ELEMENTOS DE ENTRADA SECUNDARIOS (KOHA)
Fuente del sistema de clasificación o colocación Clasificación Decimal Dewey
Tipo de ítem Koha
994 ## -
-- C0
-- PEPRU
999 ## - NÚMEROS DE CONTROL DE SISTEMA (KOHA)
-- DEWEY
-- 79436
-- 2021-11-11
-- 3
-- CCODEBUL1
-- BUL
-- 32.00
-- 0
-- Y
-- BOOK
-- 2018-12-27
-- TEOLOGIA
-- P85
-- COMPRA
-- FCOMPR2
-- .STAFF. Colección Teología
980 ## - EQUIVALENCIA O REFERENCIA-CRUZADA-MENCIÓN DE SERIE--NOMBRE DE PERSONA/TÍTULO [LOCAL, CANADÁ]
ID del último usuario que modificó el registro 1
Nombre del último usuario que modificó el registro ALBERTO SANCHEZ Responsable de Automatización
Existencias
Visto por última vez Número de inventario Total de préstamos Signatura topográfica completa Código de barras Copia número Coste, precio de reemplazo Fecha de reemplazo Facultad Tipo de ítem Koha Nota pública Estado de pérdida Fuente del sistema de clasificación o colocación Restricciones de uso No para préstamo Colección Programa académico Biblioteca de origen Biblioteca actual Ubicación en estantería Fecha de adquisición Fuente de adquisición Coste, precio normal de compra
2025-12-03 4   930 E36 79436 e1 37.00 2018-12-27   Libros físicos inventario-2023-12-13 No Perdido Clasificación Decimal Dewey No restringido Disponible para préstamos Colección General Maestría en teología Biblioteca CRAI UPeU Lima Biblioteca CRAI UPeU Lima Sala principal 2018-12-27 COMPRA 32.00